Bratislava sa stala sídlom Visegrádskeho fondu prioritou je posilnenie občianskych dimenzií ...

Bibliographic Details
Main Author: Hrudková, Marcela (Author)
Format: Article
Language:Slovak
PhysicalDescription:Fotogr.
ISSN:1335-4698
Subjects:

MARC

LEADER 00000nab a2200000 a 4500
001 vtls000726903
003 SK-MaSNL
005 20260303195321.0
008 160324c2000 xo 0 slo
015 |a SNBRB2000/07-19386 
035 |a CLN000079056 
040 |a SNKBUCL  |b slo  |c SNKBUCL  |e AACR2 
041 0 |a slo 
044 |a xo  |c SK 
080 |a 327.39(4-191.2):061.3  |2 1997 
080 |a 339.96:061.2(4-191.2)  |2 1997 
080 |a 394.912(4-191.2)  |2 1997 
080 |a 339.92(4-191.2)  |2 1997 
100 1 |a Hrudková, Marcela  |4 aut  |9 889979 
245 1 0 |a Bratislava sa stala sídlom Visegrádskeho fondu  |b prioritou je posilnenie občianskych dimenzií ...  |c Marcela Hrudková 
300 |b Fotogr. 
610 2 7 |a Vyšehradská skupina  |2 SNKKA  |9 183397 
610 2 7 |a Medzinárodný vyšehradský fond  |2 snkbucl  |9 465556 
655 7 |a články z novín a časopisov  |2 snkbucl  |9 267496 
773 0 |x 1335-4698  |t Slovenská republika  |g Roč. 8, č. 133 (10.6.2000), s. 7 
850 |a Slovenská národná knižnica v Martine 
852 |a SNK  |b KIS3GCP 
958 |a SK 
958 |a PL 
958 |a CZ 
958 |a HU 
958 |a RBX 
999 |c 2161921  |d 2163851